000 00553nam a2200193Ia 4500
003 OSt
005 20221007082752.0
006 a|||||r|||| 00| 0
007 ta
008 221006b |||||||| |||| 00| 0 eng d
024 _a23,168
037 _cDissertations
040 _aFLL
_cFLL
_beng
041 _2eng
_aeng
100 _aMurmu Lakhiram
_9699448
245 0 _aStudy of the doctrine of legitimate expectation as a ground for judicial review of administrative action.
942 _cDIS
_2CC
999 _c1167679
_d1167679